Vista normal Vista MARC

Entrada Meeting Name

Número de registros utilizados en: 1

001 - CONTROL NUMBER

  • control field: 38368

003 - CONTROL NUMBER IDENTIFIER

  • control field: OSt

005 - DATE AND TIME OF LATEST TRANSACTION

  • control field: 20210613222958.0

008 - FIXED-LENGTH DATA ELEMENTS

  • fixed length control field: 210613|| aca||aabn | a|a d

040 ## - CATALOGING SOURCE

  • Original cataloging agency: OSt
  • Transcribing agency: OSt

111 ## - HEADING--MEETING NAME

  • Meeting name or jurisdiction name as entry element: Seminario Internacional Regulación, privatización y reforma de seguridad social: Experiencias colombianas e internacionales
  • Date of meeting or treaty signing: (1994 :
  • Location of meeting: Bogotá)

670 ## - SOURCE DATA FOUND

  • Source citation: Work cat.: (OSt)7973: 15968, Teoría y experiencia británica en el sector eléctrico / , 1994